000
00298nam a2200121Ia 4500
008
241002s9999 xx 000 0 und d
082
_a
921.5 ROU
100
_a
Roussau, Jean Jacquer
245
4
_a
The Confessions of Jean J, Roussau
260
_a
New York:
_c
1960
600
_a
History
942
_c
UC
999
_c
18682
_d
18682